| 000 | 00842nam a2200241 i 4500 | ||
|---|---|---|---|
| 001 | bg | ||
| 245 | 0 | 0 |
_aRozpad bastionu? : _bzwiązki zawodowe w gospodarce prywatyzowanej / _cJuliusz Gardawski [et al.] ; Instytut Spraw Publicznych. |
| 260 |
_aWarszawa : _bISP, _c1999. |
||
| 300 |
_a267 s. : _bwykr. ; _c24 cm. |
||
| 500 | _aStreszcz. ang. | ||
| 650 | 9 |
_aPrywatyzacja _xzagadnienia _zPolska _yod 1989 r. |
|
| 650 | 9 |
_aZwiązki zawodowe _xzagadnienia _zPolska _yod 1989 r. |
|
| 700 | 1 | _aGARDAWSKI, Juliusz | |
| 710 | 0 | _aInstytut Spraw Publicznych | |
| 020 | _a8386917032 | ||
| 040 | _cBPK | ||
| 041 | 0 |
_apol _ben |
|
| 080 | _a331.105.44:338.246.025.88](438)"1989/..." | ||
| 920 | _a83-86917-03-2 | ||
| 942 | _cKS | ||
| 008 | s pl f |000 0 pol | ||
| 999 |
_c39142 _d39142 |
||
| 856 |
_uhttp://koha.tu.koszalin.pl/cgi-bin/koha/opac-detail.pl?biblionumber=39142 _yKatalog online BPK |
||